000 00674nam a22002297a 4500
003 UA-OsUOA
001 57093
007 ta
008 20081202b un ||||| |||| 00| 0 ukr d
090 _a94(477)(092/035)
_bП78
942 _cBK
040 _aUA-OsUOA
_bukr
_cUA-OsUOA
_dUA-OsUOA
245 _aПровідники духовності в Україні
_bДовідник
_cЗа ред. Кураса І. Ф.
300 _a783 с.
955 _a2
041 _aukr
080 _a94(477)(092/035)
020 _a966-642-207-7
260 _aК.
_bВища школа
_c2003
650 7 _a9 Географія. Біографії. Історія
_2UDC
999 _c343186
_d343186